Résultat des poules au basketball masculin des JO Paris 2024 - Statistiques

Statistiques générales
  • Ce quiz a été pris 147 fois
  • Le résultat moyen est 10 sur 12
Statistiques - réponses
Hint Réponse % Correct
1er C Etats-Unis
96%
1er A Canada
95%
2e B France
94%
1er B Allemagne
92%
4e B Japon
89%
2e C Serbie
89%
3e B Brésil
83%
3e A Grèce
78%
4e A Espagne
77%
2e A Australie
75%
3e C Soudan du Sud
71%
4e C Porto Rico
51%
Aucun quiz correspondant
Distribution des résultats
% des personnes avec chaque résultat
Percentile par nombre de réponses
Votre historique - résultats
Vous n’avez pas pris ce quiz